000 00650nam a2200205Ia 4500
005 20250508163719.0
008 008 250505s9999 xx 000 0 eng d
020 _a92-803-1154-9
037 _aTextual
040 _aFEDL
_beng
_cFEDL
041 _aeng
_2eng
084 _a371.26, KEE
_qFEDL
100 _aKeeves John P
_9437334
245 0 _aNational examinations : Design, procedures and reporting
260 _aParis, France
_bUnited Nation Educational Scientfic and Cultural Orgnization
_c1994
300 _a108p
650 _aEducational - Tests and Measurement
942 _cTEXL
_h371.26, KEE
999 _c1384857
_d1384857